000 00741nam a2200241 a 4500
005 20210219152939.0
008 991125n 000 0 eng u
035 _aUPN01000068262
100 _aMcAuley, S. M.
222 0 _aJOURNAL OF EDUCATIONAL RESEARCH
245 0 _aComparison of add-a-word and compu spell programs with low-achieving students
300 _a362-369
362 _a1992 85, no. 6
653 0 _aCOURSEWARE
653 0 _aDISEÑO ASISTIDO POR ORDENADOR
653 0 _aENSEÑANZA DE LA ORTOGRAFIA
653 0 _aESTUDIANTES CON NECESIDADES ESPECIALES
653 0 _aEXITO REDUCIDO
653 0 _aPERSONA QUE NO DESARROLLA SU POTENCIAL
700 _aMcLaughlin, T. F.
904 _aAC
_b006073
905 _aArticulo
999 _c64457
_d64457